Classic data structures in C++

Bibliographic Details
Main Author: Budd, Timothy
Format: Book
Published: New York : Addison-Wesley , 1994
Subjects:

MARC

LEADER 00000cam a2200000 7i4500
001 0000006800
002 000007326
005 20000330.0
020 |a 0201508893 
090 0 0 |a 005.73   |b BUD 
100 1 |a Budd, Timothy 
245 1 0 |a Classic data structures in C++   |c Timothy A.Budd 
260 |a New York :   |b Addison-Wesley ,   |c 1994 
300 |a 531p. ;   |c 24cm. 
650 0 0 |a C++ (Computer program language) 
999 |a 040729   |b BUKU   |c PINJAMAN   |e PERPUSTAKAAN KOMUNITI PETALING JAYA